The effectiveness of geometer's sketchpad based instructional activities in learning topic circles by form four students /
Saved in:
| Main Author: | |
|---|---|
| Format: | Thesis Book |
| Language: | English |
| Published: |
2009.
|
| Tags: |
Add Tag
No Tags, Be the first to tag this record!
|
| LEADER | 00849cam a2200217 i 4500 | ||
|---|---|---|---|
| 001 | u1048672 | ||
| 003 | SIRSI | ||
| 005 | 201703101138 | ||
| 008 | 170310s2009 my a m 000 0 eng | ||
| 040 | |a UMD |e rda | ||
| 090 | |a LB7 |b A9 UM 2009 Jeya | ||
| 100 | 0 | |a Jeyaseelan A. Anthony | |
| 245 | 1 | 4 | |a The effectiveness of geometer's sketchpad based instructional activities in learning topic circles by form four students / |c Jeyaseelan A. Anthony |
| 264 | 1 | |c 2009. | |
| 264 | 4 | |c Ã2009. | |
| 300 | |a x, 62 leaves : |b illustration ; |c 30 cm. | ||
| 502 | |b M.Math.Ed |c Fakulti Pendidikan, Universiti Malaya |d 2009. | ||
| 504 | |a Bibliography: leaves 59-62. | ||
| 710 | 2 | |a Universiti Malaya. |b Fakulti Pendidikan |e degree granting institution | |
| 596 | |a 8 | ||
| 999 | |a LB7 A9 UM 2009 JEYA |w LC |c 1 |i A517250417 |f 12/12/2018 |g 2 |l STACKS |m P08PENDIDI |r Y |s Y |t TESIS |u 12/12/2018 |1 AHSS | ||
